[Event "XI Paracin Festival 2018"]
[Site "Paracin"]
[Date "2018.07.06"]
[Round "1"]
[White "Parnali, S Dharia"]
[Black "Ivic, Velimir"]
[Result "1-0"]
[WhiteElo "2170"]
[BlackElo "2432"]
[Annotator "NA"]
[PlyCount "105"]
[EventDate "2018.07.06"]
[EventType "swiss"]
[EventCountry "SRB"]
[SourceTitle "playchess.com"]
[Source "ChessBase"]
[SourceQuality "1"]
[TimeControl "5400+30"]

1. d4 {[%emt 0:00:00]} Nf6 {[%emt 0:00:00]} 2. c4 {[%emt 0:00:05]} g6 {[%emt 0:00:00]} 3. Nc3 {[%emt 0:00:06]} Bg7 {[%emt 0:00:00]} 4. e4 {[%emt 0:00:30]} d6 {[%emt 0:00:00]} 5. Nf3 {[%emt 0:00:25]} O-O {[%emt 0:00:04]} 6. Be2 {[%emt 0:00:15]} e5 {[%emt 0:00:58]} 7. O-O {[%emt 0:00:11]} Na6 {[%emt 0:02:43]} 8. dxe5 {[%emt 0:07:35]} dxe5 {[%emt 0:00:06]} 9. b3 {[%emt 0:00:29] E94: King's Indian: Classical: 6 Be2 e5 7 0-0: Various Black 7th moves} (9. Be3 c6 10. Qxd8 Rxd8 11. Rfd1 Re8 12. h3 Bf8 13. Nd2 Nc5 14. b4 Ne6 15. c5 Nd4 16. Bd3 a5 17. a3 Rd8 18. Nc4 axb4 19. axb4 Rxa1 20. Rxa1 {½-½ (97) Grachev,B (2657)-Shimanov,A (2606) Kaliningrad 2015}) 9... Qe7 {[%emt 0:21:03]} 10. Nd5 {[%emt 0:02:21]} Qd6 {[%emt 0:05:57]} 11. Nxf6+ $146 {[%emt 0:04:41]} ({Predecessor:} 11. Bg5 Nxd5 12. Qxd5 Qa3 13. Bc1 Qe7 14. Bg5 Qe6 15. Rfd1 c6 16. Qd6 Qxd6 17. Rxd6 {½-½ (61) Bochkarev,A (2361)-Nanu,C (2412) Bucharest 2001}) 11... Qxf6 {[%emt 0:01:08]} 12. Ba3 {[%emt 0:00:27]} Rd8 {[%emt 0:04:11]} 13. Qc2 {[%emt 0:00:17]} Bg4 {[%emt 0:10:36]} 14. Ne1 {[%emt 0:01:58]} Be6 {[%emt 0:08:18]} 15. Nf3 {[%emt 0:04:18]} Nb8 {[%emt 0:03:20]} 16. Rad1 {[%emt 0:01:23]} Nc6 {[%emt 0:01:01]} 17. Rxd8+ {[%emt 0:03:14]} Rxd8 {[%emt 0:00:14]} 18. Rd1 {[%emt 0:00:12]} Re8 {[%emt 0:06:52]} 19. Bb2 {[%emt 0:05:43]} Qe7 {[%emt 0:02:21]} 20. Bc3 {[%emt 0:00:30]} a5 {[%emt 0:04:15]} 21. Ne1 {[%emt 0:01:02]} Nd4 {[%emt 0:02:15]} 22. Qb2 {[%emt 0:00:54]} b6 {[%emt 0:01:37]} 23. Nd3 {[%emt 0:00:17]} c5 {[%emt 0:03:38]} 24. Bf1 {[%emt 0:03:12]} Rd8 {[%emt 0:01:11]} 25. Bxd4 {[%emt 0:01:34]} Rxd4 {[%emt 0:00:55]} 26. Qe2 {[%emt 0:00:40]} Qd6 {[%emt 0:05:15]} 27. Nb2 {[%emt 0:00:30]} Bd7 {[%emt 0:13:04]} 28. g3 {[%emt 0:03:02]} h5 {[%emt 0:00:44]} 29. Bg2 {[%emt 0:00:36]} Bh6 {[%emt 0:00:51]} 30. Rd3 {[%emt 0:01:55]} Kg7 {[%emt 0:01:19]} 31. Qd1 {[%emt 0:00:41]} h4 {[%emt 0:00:53]} 32. Rxd4 {[%emt 0:00:15]} cxd4 {[%emt 0:00:24]} 33. Nd3 {[%emt 0:00:33]} h3 {[%emt 0:00:34]} 34. Bf3 {[%emt 0:00:14]} Bg5 {[%emt 0:00:39]} 35. Qc2 {[%emt 0:00:42]} f5 {[%emt 0:00:27]} 36. Kf1 {[%emt 0:01:14]} Kf6 {[%emt 0:00:26]} 37. c5 {[%emt 0:01:05]} Qc7 {[%emt 0:00:23]} 38. Qc4 {[%emt 0:00:44]} Kg7 {[%emt 0:00:43]} 39. a4 {[%emt 0:00:16]} Bc6 {[%emt 0:00:31]} 40. cxb6 {[%emt 0:00:23]} Qd6 {[%emt 0:00:32]} (40... Qxb6 $142 41. Nxe5 Be8 42. exf5 gxf5) 41. Nxe5 {[%emt 0:02:37]} Qxe5 {[%emt 0:00:20]} 42. Qxc6 {[%emt 0:00:08]} Kh6 {[%emt 0:00:35]} 43. exf5 {[%emt 0:00:58]} Bf6 {[%emt 0:00:20]} 44. Qc1+ {[%emt 0:03:26]} Bg5 {[%emt 0:00:10]} 45. Qc6 {[%emt 0:07:10]} Bf6 {[%emt 0:00:02]} 46. Qd5 {[%emt 0:02:14]} Qe7 {[%emt 0:01:25]} 47. fxg6 {[%emt 0:00:26]} Be5 {[%emt 0:00:38]} 48. b7 {[%emt 0:06:13]} Qg5 {[%emt 0:00:10]} 49. Qc5 {[%emt 0:02:00]} Qf6 {[%emt 0:00:48]} 50. Be4 {[%emt 0:02:32]} Qa6+ {[%emt 0:00:30]} 51. Qb5 {[%emt 0:00:34]} Qe6 {[%emt 0:00:07]} 52. Qc4 {[%emt 0:00:51]} Qe7 {[%emt 0:00:56]} 53. Qg8 {[%emt 0:03:06]} 1-0

[Event "XI Paracin Festival 2018"]
[Site "Paracin"]
[Date "2018.07.06"]
[Round "1"]
[White "Sahin, Ozgun"]
[Black "Perunovic, Milos"]
[Result "0-1"]
[WhiteElo "2166"]
[BlackElo "2596"]
[Annotator "TA"]
[PlyCount "44"]
[EventDate "2018.07.06"]
[EventType "swiss"]
[EventCountry "SRB"]
[SourceTitle "playchess.com"]
[Source "ChessBase"]
[SourceQuality "1"]

{[%evp 17,44,27,37,0,-7,-4,1,-4,-23,-90,-103,-100,-97,-219,-248,-256,-263,-264,-251,-404,-419,-474,-472,-810,-791,-922,-819,-912,-790]} 1. e4 c5 2. Nc3 Nc6 3. Bb5 Nd4 4. Bc4 e6 5. Nge2 Nf6 6. O-O {B23: Closed Sicilian: Lines without g3} a6 7. a4 Nc6 (7... d5 8. exd5 exd5 9. Ba2 Bg4 10. f3 Be6 11. d3 Nc6 12. Nf4 {½-½ (74) Radjabov,T (2740)-Carlsen,M (2813) Medias 2010 CBM 137 [Rogozenco,D]}) 8. d4 cxd4 9. Nxd4 Qc7 {LiveBook: 3 Games} 10. Ba2 $146 ({Predecessor:} 10. Nxc6 bxc6 11. Bd3 d5 12. Qe2 Be7 13. f4 O-O {0-1 (30) Heberla,B (2569)-Zezulkin,J (2448) Warsaw 2006}) 10... Nxd4 11. Qxd4 Bc5 {[%cal Bf8c5,Bc5d4,Bd4b2,Bb2a1][%mdl 32]} 12. Qc4 b6 13. b4 (13. h3 $11 {remains equal.}) 13... Ng4 $17 {[%csl Gg4][%cal Rc7h2] [#]} 14. g3 Ne5 {[%cal Bg4e5,Be5f3,Bf3d2][%mdl 32]} 15. Qb3 (15. Bf4 $17 {only move.} Bxf2+ 16. Rxf2 Qxc4 17. Bxc4 Nxc4 18. Nd1) 15... Bd4 $19 16. Bb2 {Threatens to win with Nd5.} Nf3+ 17. Kg2 Nd2 $1 {[%csl LRb3,LRf1]} 18. Nd5 $2 {[#]} (18. Qa3 {was the only defense.} Nxf1 19. Kxf1) 18... exd5 19. Qxd5 Bxb2 {Black is clearly winning.} 20. Qxf7+ (20. Qxa8 $142 Qxc2 21. Rae1 Nxf1 22. Bb3) 20... Kd8 21. Rfd1 Bb7 22. Bd5 Bxa1 0-1

[Event "XI Paracin Festival 2018"]
[Site "Paracin"]
[Date "2018.07.06"]
[Round "1"]
[White "Uuriintuya, Uurtsaikh"]
[Black "Lajthajm, Borko"]
[Result "1-0"]
[WhiteElo "2158"]
[BlackElo "2422"]
[Annotator "ChessBase"]
[PlyCount "105"]
[EventDate "2018.07.06"]
[EventType "swiss"]
[EventCountry "SRB"]
[SourceTitle "playchess.com"]
[Source "ChessBase"]
[SourceQuality "1"]
[TimeControl "5400+30"]

1. e4 {[%emt 0:00:00]} c5 {[%emt 0:00:00]} 2. Nf3 {[%emt 0:00:07]} e6 {[%emt 0:00:00]} 3. d4 {[%emt 0:00:17]} cxd4 {[%emt 0:00:00]} 4. Nxd4 {[%emt 0:00:05]} a6 {[%emt 0:00:04]} 5. Nc3 {[%emt 0:00:50]} Qc7 {[%emt 0:00:08]} 6. Be2 {[%emt 0:00:36]} Nf6 {[%emt 0:00:26]} 7. O-O {[%emt 0:00:57]} Bb4 {[%emt 0:01:15]} 8. Bg5 {[%emt 0:10:55]} Bxc3 {[%emt 0:02:37]} 9. Bxf6 {[%emt 0:00:26]} gxf6 {[%emt 0:00:18]} 10. bxc3 {[%emt 0:00:03]} Qxc3 {[%emt 0:00:12]} 11. Rb1 {[%emt 0:06:47]} Nc6 {[%emt 0:02:04]} 12. Nxc6 {[%emt 0:04:41]} bxc6 {[%emt 0:00:05]} 13. f4 {[%emt 0:23:55]} Qe3+ {[%emt 0:10:36]} 14. Kh1 {[%emt 0:00:37]} Ke7 {[%emt 0:01:38]} 15. e5 {[%emt 0:12:57]} fxe5 {[%emt 0:00:51]} 16. Rb3 {[%emt 0:00:12]} Qc5 {[%emt 0:00:49]} 17. fxe5 {[%emt 0:00:28]} Qxe5 {[%emt 0:00:29]} 18. Qe1 {[%emt 0:03:38]} f5 {[%emt 0:12:45]} 19. Qh4+ {[%emt 0:10:49]} Qf6 {[%emt 0:01:49]} 20. Qc4 {[%emt 0:01:22]} h5 {[%emt 0:07:28]} 21. Qc5+ {[%emt 0:03:36]} Kf7 {[%emt 0:03:42]} 22. Qd6 {[%emt 0:02:48]} a5 {[%emt 0:01:52]} 23. Rxf5 {[%emt 0:02:47]} Qxf5 {[%emt 0:03:45]} 24. Rf3 {[%emt 0:00:06]} Qxf3 {[%emt 0:01:05]} 25. Bxf3 {[%emt 0:00:15]} a4 {[%emt 0:02:48]} 26. c4 {[%emt 0:01:44]} Ra5 {[%emt 0:00:37]} 27. c5 {[%emt 0:00:23]} Rb5 {[%emt 0:00:21]} 28. h3 {[%emt 0:00:48]} Rb4 {[%emt 0:04:08]} 29. Qe5 {[%emt 0:00:35]} Rh6 {[%emt 0:05:34]} 30. Qg5 {[%emt 0:01:57]} Rh7 {[%emt 0:01:05]} 31. Bxh5+ {[%emt 0:01:42]} Rxh5 {[%emt 0:02:12]} 32. Qxh5+ {[%emt 0:00:08]} Ke7 {[%emt 0:01:02]} 33. Qg5+ {[%emt 0:00:22]} Kf7 {[%emt 0:00:05]} 34. h4 {[%emt 0:01:10]} Ba6 {[%emt 0:00:36]} 35. h5 {[%emt 0:00:23]} Bd3 {[%emt 0:00:46]} 36. Qd2 {[%emt 0:00:15]} Rb1+ {[%emt 0:01:24]} 37. Kh2 {[%emt 0:00:10]} Bf5 {[%emt 0:02:28]} 38. Qxd7+ {[%emt 0:00:10]} Kf6 {[%emt 0:00:03]} 39. h6 {[%emt 0:00:22]} Ke5 {[%emt 0:00:30]} 40. h7 {[%emt 0:00:57]} Bxh7 {[%emt 0:01:45]} 41. Qxh7 {[%emt 0:00:07]} Re1 {[%emt 0:01:28]} 42. Qc7+ {[%emt 0:00:17]} Kd4 {[%emt 0:00:08]} 43. Qxc6 {[%emt 0:00:08]} e5 {[%emt 0:00:06]} 44. Qxa4+ {[%emt 0:00:08]} Kd5 {[%emt 0:00:23]} 45. c6 {[%emt 0:00:16]} Rc1 {[%emt 0:00:23]} 46. Qb5+ {[%emt 0:00:58]} Kd6 {[%emt 0:00:06]} 47. Qb4+ {[%emt 0:00:10]} Kxc6 {[%emt 0:00:07]} 48. Qe4+ {[%emt 0:00:05]} Kd6 {[%emt 0:00:12]} 49. a4 {[%emt 0:00:29]} Rd1 {[%emt 0:00:07]} 50. a5 {[%emt 0:00:18]} Rd4 {[%emt 0:00:06]} 51. Qb7 {[%emt 0:00:16]} e4 {[%emt 0:00:15]} 52. a6 {[%emt 0:00:14]} e3 {[%emt 0:00:04]} 53. Kg3 {[%emt 0:00:19]} 1-0

[Event "XI Paracin Festival 2018"]
[Site "Paracin"]
[Date "2018.07.06"]
[Round "1"]
[White "Peycheva, Gergana"]
[Black "Stankovic, Milos"]
[Result "0-1"]
[WhiteElo "2157"]
[BlackElo "2420"]
[Annotator "ChessBase"]
[PlyCount "60"]
[EventDate "2018.07.06"]
[EventType "swiss"]
[EventCountry "SRB"]
[SourceTitle "playchess.com"]
[Source "ChessBase"]
[SourceQuality "1"]
[TimeControl "5400+30"]

1. d4 Nf6 {[%emt 0:00:35]} 2. c4 g6 3. f3 {[%emt 0:01:05]} Nc6 {[%emt 0:02:56]} 4. e4 {[%emt 0:02:05]} e5 {[%emt 0:04:19]} 5. d5 {[%emt 0:02:56]} Nd4 {[%emt 0:02:08]} 6. Nc3 {[%emt 0:04:37]} Bg7 {[%emt 0:01:21]} 7. Nge2 {[%emt 0:03:23]} c5 {[%emt 0:04:21]} 8. Be3 {[%emt 0:06:14]} d6 {[%emt 0:05:13]} 9. Qd2 {[%emt 0:03:18]} O-O {[%emt 0:02:32]} 10. h4 {[%emt 0:11:55]} a6 {[%emt 0:04:33]} 11. Nc1 {[%emt 0:03:58]} Nh5 {[%emt 0:02:01]} 12. Bd3 {[%emt 0:02:54]} f5 {[%emt 0:07:16]} 13. Bg5 {[%emt 0:03:19]} Qe8 {[%emt 0:01:28]} 14. Bh6 {[%emt 0:07:29]} Ng3 {[%emt 0:06:25]} 15. Bxg7 {[%emt 0:01:15]} Kxg7 {[%emt 0:00:39]} 16. Rh3 {[%emt 0:03:08]} Nxe4 {[%emt 0:04:52]} 17. fxe4 {[%emt 0:04:08]} fxe4 {[%emt 0:00:15]} 18. Re3 {[%emt 0:01:34]} exd3 {[%emt 0:00:32]} 19. Nxd3 {[%emt 0:00:08]} b5 {[%emt 0:02:40]} 20. O-O-O {[%emt 0:02:05]} Bf5 {[%emt 0:03:54]} 21. Nf2 {[%emt 0:03:11]} Bc2 {[%emt 0:06:20]} 22. Rf1 {[%emt 0:04:11]} b4 {[%emt 0:01:07]} 23. Ne2 {[%emt 0:02:06]} Qa4 {[%emt 0:00:56]} 24. Nxd4 {[%emt 0:03:44]} cxd4 {[%emt 0:00:51]} 25. Rf3 {[%emt 0:05:09]} Rxf3 {[%emt 0:02:40]} 26. gxf3 {[%emt 0:00:05]} b3 {[%emt 0:00:20]} 27. Qg5 {[%emt 0:01:36]} Rf8 {[%emt 0:00:52]} 28. h5 {[%emt 0:02:34]} Qxc4 {[%emt 0:02:18]} 29. Qe7+ {[%emt 0:00:15]} Kg8 {[%emt 0:00:14]} 30. Qe6+ {[%emt 0:01:16]} Kh8 {[%emt 0:00:12]} 0-1

[Event "XI Paracin Festival 2018"]
[Site "Paracin"]
[Date "2018.07.06"]
[Round "1"]
[White "Krstic, Milos"]
[Black "Djordjevic, Vuk D"]
[Result "0-1"]
[WhiteElo "2137"]
[BlackElo "2403"]
[Annotator "ChessBase"]
[PlyCount "57"]
[EventDate "2018.07.06"]
[EventType "swiss"]
[EventCountry "SRB"]
[SourceTitle "playchess.com"]
[Source "ChessBase"]
[SourceQuality "1"]
[TimeControl "5400+30"]

1. e4 {[%emt 0:00:00]} e6 {[%emt 0:00:00]} 2. d4 {[%emt 0:00:00]} d5 {[%emt 0:00:05]} 3. Nc3 {[%emt 0:01:50]} Bb4 {[%emt 0:00:07]} 4. e5 {[%emt 0:02:19]} c5 {[%emt 0:00:10]} 5. a3 {[%emt 0:00:58]} Bxc3+ {[%emt 0:00:18]} 6. bxc3 {[%emt 0:00:05]} Ne7 {[%emt 0:02:31]} 7. Qg4 {[%emt 0:02:48]} Qc7 {[%emt 0:00:00]} 8. Qxg7 {[%emt 0:01:58]} Rg8 {[%emt 0:00:00]} 9. Qxh7 {[%emt 0:00:11]} cxd4 {[%emt 0:00:00]} 10. Ne2 {[%emt 0:03:58]} Nbc6 {[%emt 0:00:16]} 11. f4 {[%emt 0:02:54]} Bd7 {[%emt 0:06:39]} 12. h4 {[%emt 0:08:11]} O-O-O {[%emt 0:02:59]} 13. Qd3 {[%emt 0:06:24]} dxc3 {[%emt 0:00:21]} 14. h5 {[%emt 0:04:01]} Nf5 {[%emt 0:03:42]} 15. h6 {[%emt 0:11:01]} Rg6 {[%emt 0:01:48]} 16. h7 {[%emt 0:04:07]} Rh8 {[%emt 0:00:07]} 17. Qxc3 {[%emt 0:05:48]} Be8 {[%emt 0:22:41]} 18. Bd2 {[%emt 0:11:33]} f6 {[%emt 0:02:36]} 19. exf6 {[%emt 0:03:44]} Rxh7 {[%emt 0:01:32]} 20. Rxh7 {[%emt 0:01:26]} Qxh7 {[%emt 0:00:05]} 21. O-O-O {[%emt 0:03:36]} Qh4 {[%emt 0:21:04]} 22. Kb1 {[%emt 0:14:10]} Nd6 {[%emt 0:20:37]} 23. g3 {[%emt 0:06:23]} Qh5 {[%emt 0:03:11]} 24. Qe3 {[%emt 0:02:47]} Rxf6 {[%emt 0:01:42]} 25. Bc3 {[%emt 0:01:10]} Nc4 {[%emt 0:03:37]} 26. Qf2 {[%emt 0:00:53]} Rh6 {[%emt 0:00:48]} 27. Bb2 {[%emt 0:00:34]} Bg6 {[%emt 0:01:22]} 28. Bg2 {[%emt 0:00:38]} Bf5 {[%emt 0:01:43]} 29. Nd4 {[%emt 0:00:31]} 0-1

[Event "XI Paracin Festival 2018"]
[Site "Paracin"]
[Date "2018.07.06"]
[Round "1"]
[White "Mar, Karmen"]
[Black "McPhillips, Joseph"]
[Result "0-1"]
[WhiteElo "2130"]
[BlackElo "2402"]
[Annotator "NA"]
[PlyCount "98"]
[EventDate "2018.07.06"]
[EventType "swiss"]
[EventCountry "SRB"]
[SourceTitle "playchess.com"]
[Source "ChessBase"]
[SourceQuality "1"]
[TimeControl "5400+30"]

1. e4 e6 2. d4 d5 3. Nd2 Nf6 4. e5 Nfd7 5. Bd3 c5 6. c3 Nc6 7. Ngf3 g6 8. O-O Bg7 9. Re1 O-O 10. Nf1 {C06: French Tarrasch: 3...Nf6 4 e5 Nfd7 5 Bd3 main lines} cxd4 11. cxd4 Qb6 12. Bc2 f6 13. exf6 Nxf6 14. Rb1 Bd7 15. h3 Nb4 16. Bb3 Bb5 {[#]} 17. Be3 $146 ({Predecessor:} 17. Ne5 Ne4 {0-1 (50) Benjamin,J (2577)-Gurevich,M (2667) Cap d'Agde 2000}) 17... Nd3 18. Re2 Nb4 19. Re1 Nd3 20. Re2 Ne4 21. Rc2 Nb4 22. Rcc1 a5 23. a4 Ba6 24. Bc2 Na2 25. Bxe4 dxe4 26. d5 Qd8 27. Ng5 Nxc1 28. Nxe6 Ne2+ 29. Kh1 Qh4 30. Nxf8 Rxf8 31. d6 Nf4 32. Ng3 Nd3 $17 (32... Bd3 $19 {has better winning chances.} 33. Rc1 h5 34. Qb3+ Kh8) 33. Qb3+ Kh8 34. Qe6 Qd8 ({Not} 34... Nxb2 35. Rc1 $11) 35. Nxe4 Re8 36. Qg4 Ne5 37. Qg5 Bd3 38. Qxd8 Rxd8 39. Re1 Bxe4 40. Bg5 Nd3 41. Rxe4 Nxf2+ 42. Kg1 Nxe4 43. Bxd8 Nxd6 44. Bxa5 Bxb2 45. Bb4 Ne4 46. g4 Bc3 47. Ba3 Ba5 48. Bb2+ Kg8 49. Bd4 Nc3 0-1

[Event "XI Paracin Festival 2018"]
[Site "Paracin"]
[Date "2018.07.06"]
[Round "1"]
[White "Sultan, Ibrahim"]
[Black "Atakisi, Umut"]
[Result "1/2-1/2"]
[WhiteElo "2126"]
[BlackElo "2390"]
[Annotator "TA"]
[PlyCount "154"]
[EventDate "2018.07.06"]
[EventType "swiss"]
[EventCountry "SRB"]
[SourceTitle "playchess.com"]
[Source "ChessBase"]
[SourceQuality "1"]

{[%evp 22,154,19,28,52,3,8,7,29,0,0,-24,53,-28,0,0,0,-29,-18,-20,-5,-34,-31,-48,-23,-121,-119,-101,-52,-157,-160,-160,586,586,522,205,179,99,97,89,180,187,266,147,183,114,111,90,174,135,135,140,139,108,151,115,131,124,140,141,189,108,146,135,134,131,129,119,126,127,148,88,88,88,84,57,58,8,8,0,0,0,0,0,0,0,0,-8,0,0,0,0,0,0,0,0,0,0,0,-8,0,0,0,0,0,0,0,0,0,0,0,0,0,-19,0,0,0,0,0,0,0,0,0,0,7,0,0,-8,-8,-8,-8,-10,-8,-8,-8]} 1. d4 Nf6 2. c4 g6 3. Nc3 d5 4. cxd5 Nxd5 5. e4 Nxc3 6. bxc3 Bg7 7. Bc4 c5 8. Ne2 O-O 9. O-O Nc6 10. Be3 Bd7 11. Bd3 cxd4 12. cxd4 Nb4 {D87: Grünfeldindisch (Abtauschvariante, Botwinnik-Variante)} 13. Rb1 (13. Bc4 b5 14. Bb3 Nc6 15. Rc1 Na5 16. Bd5 Rc8 17. Rxc8 Bxc8 18. a3 e6 19. Ba2 Bb7 20. f3 {0-1 (47) Kobalia,M (2639)-Ftacnik,L (2573) Dresden 2007 CBM 118 [Ftacnik,L]}) 13... Nxd3 14. Qxd3 b5 $146 ({Vorgänger:} 14... b6 15. Rbc1 a6 16. Rfe1 Bb5 17. Qd2 Qd6 18. f4 Bxe2 19. Qxe2 Bxd4 20. Rcd1 Bxe3+ 21. Qxe3 {0-1 (41) Barroso Quinones,A (1869)-Alfara Ayllon,J (2059) Alella 2008}) 15. d5 Qa5 16. a3 f5 (16... Rfc8 $11) 17. f3 ({Günstiger ist} 17. Nd4 $14) 17... fxe4 18. fxe4 Rxf1+ 19. Kxf1 Rc8 20. Kg1 Qa4 21. Nd4 Rc4 {[%cal Rg7d4]} 22. Rd1 $1 Be5 23. Nc6 (23. h3 $11) 23... Rc3 $1 $17 {[%cal Rc3d3]} 24. Qf1 ({Nicht} 24. Nxe7+ $2 Kg7 $19) 24... Qxe4 ({Ein No Go ist} 24... Rxe3 $6 25. Nxe5 Bf5 26. exf5 $14) 25. Bh6 {[#]} (25. Bd2 $1 $15 Rxc6 26. dxc6) 25... Bf6 $1 26. Qxb5 Rxc6 $2 (26... g5 $17 {hält den Druck. Weiss muss nun ...Tc1! beachten.} 27. Qf1 (27. Qb8+ $2 Kf7 $19) 27... Rc2) 27. dxc6 $18 {Droht Matt per Db3+.} Bd4+ 28. Kh1 $2 (28. Kf1 Bxc6 29. Qc4+ Bd5 30. Qxd4 Qxg2+ 31. Ke1 Qe4+ 32. Qxe4 Bxe4 33. Rd7) 28... Bxc6 {[%csl Gc6][%cal Re4g2]} 29. Qf1 (29. Qb8+ $18 Kf7 30. Qf8+ Ke6 31. Qf1) 29... Bf6 $16 30. Qf2 Bd5 {[#]} (30... Kf7 $16 {ist eine bessere Verteidigung.}) 31. Qd2 $1 $18 {[%cal Rd2d5]} e6 (31... Bd4 $142 32. Bg5 e5) 32. Qf2 (32. Rf1 $18 Bg7 33. Bxg7 Kxg7 34. Qg5) 32... Be7 33. Rf1 (33. Rc1 $18 {Weiss will mit Tc8+ Matt setzen.} Bc6 34. Qb2) 33... Qf5 $16 34. Qe2 Qh5 (34... Qh3 $16 {war angesagt.} 35. Bc1 Bd6) 35. Qxh5 gxh5 $18 {[%mdl 4096] Endspiel KTL-KL} 36. a4 {[%cal Ba3a4,Ba4a5][%mdl 32]} a6 37. a5 Be4 38. Bd2 Kg7 39. Rc1 Kg6 40. Rc7 Bf6 41. Rd7 ({Besser ist} 41. Bc3 $18) 41... Be5 42. Kg1 Bc6 43. Rd8 Kf5 44. g3 Ke4 45. Kf1 Bd5 46. Ke1 (46. Rd7 $142) 46... h4 $16 47. gxh4 h5 48. h3 Kf3 49. Rf8+ Kg3 {Die Stellung ist ausgeglichen.} 50. Bb4 Kxh4 51. Kf2 Kxh3 52. Rg8 h4 53. Be7 Bg3+ 54. Kg1 Be1 55. Bd8 Bc3 56. Kf1 Bd4 57. Bb6 Bc4+ (57... e5 {is interesting.} 58. Rg7 Bc4+ 59. Ke1 Bc3+ 60. Kf2 Bd3) 58. Ke1 Be5 (58... e5 {keeps more tension.} 59. Rg7 Bc3+ 60. Kf2 Bd3 61. Rg1 e4) 59. Kf2 Bg3+ 60. Kg1 Bd5 61. Rg7 Bh2+ 62. Kf2 Be5 63. Rg5 Bf4 64. Rg6 Kh2 65. Bd8 Bg3+ 66. Ke3 h3 67. Bb6 Be5 68. Kf2 Bf4 69. Bc5 Bc7 70. Rg7 Be5 71. Rg5 Bf4 72. Rg6 Bc4 73. Rg4 e5 74. Rxf4 exf4 75. Bd6 Kh1 76. Bxf4 h2 77. Be5 Bb5 {Precision: Weiß = 48%, Schwarz = 36%.} 1/2-1/2

[Event "XI Paracin Festival 2018"]
[Site "Paracin"]
[Date "2018.07.07"]
[Round "2"]
[White "Perunovic, Milos"]
[Black "Sylvan, Jacob"]
[Result "*"]
[WhiteElo "2596"]
[BlackElo "2332"]
[Annotator "ChessBase"]
[PlyCount "101"]
[EventDate "2018.07.06"]
[EventType "swiss"]
[EventCountry "SRB"]
[SourceTitle "playchess.com"]
[Source "ChessBase"]
[SourceQuality "1"]
[TimeControl "5400+30"]

1. e4 {[%emt 0:00:00]} c5 {[%emt 0:00:00]} 2. Nf3 {[%emt 0:00:07]} e6 {[%emt 0:00:00]} 3. d4 {[%emt 0:00:38]} cxd4 {[%emt 0:00:05]} 4. Nxd4 {[%emt 0:00:06]} Nc6 {[%emt 0:00:29]} 5. Nc3 {[%emt 0:00:23]} Qc7 {[%emt 0:00:12]} 6. Be3 {[%emt 0:06:46]} a6 {[%emt 0:02:19]} 7. Qd2 {[%emt 0:01:46]} Nf6 {[%emt 0:01:08]} 8. f4 {[%emt 0:01:01]} Bb4 {[%emt 0:07:57]} 9. Bd3 {[%emt 0:01:08]} Na5 {[%emt 0:01:01]} 10. a3 {[%emt 0:01:57]} Bxc3 {[%emt 0:01:34]} 11. Qxc3 {[%emt 0:00:08]} Qxc3+ {[%emt 0:00:11]} 12. bxc3 {[%emt 0:00:04]} d5 {[%emt 0:00:23]} 13. e5 {[%emt 0:04:11]} Ne4 {[%emt 0:00:48]} 14. Nb3 {[%emt 0:00:24]} Nc4 {[%emt 0:00:14]} 15. Bxc4 {[%emt 0:00:19]} dxc4 {[%emt 0:00:05]} 16. Na5 {[%emt 0:00:08]} Bd7 {[%emt 0:01:52]} 17. Bd4 {[%emt 0:01:14]} Rc8 {[%emt 0:00:52]} 18. Rb1 {[%emt 0:01:56]} b5 {[%emt 0:00:44]} 19. Ke2 {[%emt 0:00:09]} Ke7 {[%emt 0:19:34]} 20. Rhd1 {[%emt 0:25:58]} f5 {[%emt 0:07:32]} 21. exf6+ {[%emt 0:00:24]} gxf6 {[%emt 0:01:45]} 22. Ke3 {[%emt 0:02:30]} Nc5 {[%emt 0:00:25]} 23. Rd2 {[%emt 0:00:10]} Rhg8 {[%emt 0:01:46]} 24. Rbd1 {[%emt 0:05:13]} Be8 {[%emt 0:01:20]} 25. Bxc5+ {[%emt 0:11:28]} Rxc5 {[%emt 0:00:33]} 26. g3 {[%emt 0:00:09]} h5 {[%emt 0:09:44]} 27. Kf3 {[%emt 0:15:04]} e5 {[%emt 0:11:17]} 28. Rd6 {[%emt 0:13:21]} h4 {[%emt 0:01:53]} 29. R1d2 {[%emt 0:02:23]} hxg3 {[%emt 0:01:23]} 30. hxg3 {[%emt 0:00:13]} e4+ {[%emt 0:01:24]} 31. Kxe4 {[%emt 0:00:07]} Rxg3 {[%emt 0:00:08]} 32. Rxa6 {[%emt 0:00:41]} Rc7 {[%emt 0:02:56]} 33. Rh2 {[%emt 0:02:14]} Bg6+ {[%emt 0:04:20]} 34. Kd5 {[%emt 0:00:28]} Bf7+ {[%emt 0:01:05]} 35. Kd4 {[%emt 0:00:10]} Rg4 {[%emt 0:00:52]} 36. Re2+ {[%emt 0:00:58]} Kf8 {[%emt 0:03:48]} 37. Rxf6 {[%emt 0:00:13]} Kg7 {[%emt 0:00:05]} 38. Rf5 {[%emt 0:00:34]} Bg6 {[%emt 0:00:12]} 39. Rxb5 {[%emt 0:01:37]} Rxf4+ {[%emt 0:00:16]} 40. Ke3 {[%emt 0:02:43]} Re7+ {[%emt 0:03:43]} 41. Kxf4 {[%emt 0:00:38]} Rxe2 {[%emt 0:00:07]} 42. Rb7+ {[%emt 0:00:28]} Kf6 {[%emt 0:00:13]} 43. Rb6+ {[%emt 0:00:14]} Kf7 {[%emt 0:01:55]} 44. Nc6 {[%emt 0:00:21]} Bxc2 {[%emt 0:00:53]} 45. Nd4 {[%emt 0:01:03]} Re4+ {[%emt 0:00:11]} 46. Kf3 {[%emt 0:00:01]} Bd3 {[%emt 0:00:07]} 47. a4 {[%emt 0:00:15]} Re1 {[%emt 0:01:16]} 48. a5 {[%emt 0:00:05]} Rc1 {[%emt 0:02:57]} 49. Nb5 {[%emt 0:00:53]} Ra1 {[%emt 0:03:53]} 50. a6 {[%emt 0:00:14]} Bf5 {[%emt 0:00:11]} 51. Ke3 {[%emt 0:01:27]} *